| 000 | 00519nam a22001937a 4500 | ||
|---|---|---|---|
| 003 | LK-CoMWRAF | ||
| 005 | 20230926223704.0 | ||
| 008 | 230926b |||||||| |||| 00| 0 eng d | ||
| 040 |
_aLK-CoMWRAF _dLK-CoMWRAF _eLK-CoMWRAF |
||
| 041 | _aeng | ||
| 082 |
_a823 _bMIL |
||
| 100 | _aMiller, Sue | ||
| 245 | _aThe Best American short stories | ||
| 260 |
_aU. S. A. : _bMichael chabon, _c2001 |
||
| 650 | _aShort stories | ||
| 650 | _aAmerican fiction -- 20th century | ||
| 700 |
_aKenison, Katarina _eed. |
||
| 942 | _cBK | ||
| 999 |
_c3687 _d3687 |
||